000
00243nam a2200109Ia 4500
008
230907s9999||||xx |||||||||||||| ||und||
082
_a
620.5
_b
NAN
245
0
_a
Nanoparticles :
260
_a
Springer,
_c
2004
300
_a
284 p.
942
_c
BK
999
_c
598493
_d
598493